000 00564nam a22001817a 4500
003 OSt
005 20180116183107.0
008 171017b xxu||||| |||| 00| 0 eng d
020 _a9780393254297
040 _c0
082 _a303.4833 AFE 2017
100 _aAndrew Mc Afee, Erik Brynjolfsson
245 _aMachine Platform Crowd
_bHarnessing our digital Future
_cAndrew Mc Afee, Erik Brynjolfsson
260 _aNew York/ London
_bW.W. Norton & Company
_c2017
300 _a402p
_bHB
440 _aMachine Platform Crowd
942 _2ddc
_cBK
_k303.4833 AFE 2017
999 _c352103
_d352103